000
00278nam a22001217a 4500
008
190227b xxu||||| |||| 00| 0 eng d
041
_a
eng
080
_a
038
100
_a
23
101
_a
FJA
245
_a
The Oxford Dictionary of English Etymology
_c
Oxford
942
_2
udc
_c
BK
999
_c
54376
_d
54376